00345 a2200145 450000100060000002000150000604000240002110000250004524000360007024500310010630000070013736200090014444000150015365000310016869600 a8516039390 cAnchieta - Itaigara aGannett, Ruth Stiles10aOs dragões de Terra Azullpor10aOs dragões de Terra Azul a880 a2004 1aSalamandra 4aLiteratura infanto-juvenil